000 01223nam a2200325 i 4500
001 000027851
003 OSt
005 20250623122826.0
007 ta
008 100118s19uu dr 000 0 spa d
040 _aDO-SdBNP
_bspa
_cBNPHU
_erda
041 _aspa
049 _aBNPD
082 0 4 _a972.9377
_bM738h
_222
100 1 _aMonclús, Miguel Ángel,
_d1893-1967
_eautor
_4aut.
_933192
245 1 0 _aHistoria de Monte Plata /
_cMiguel Ángel Monclús.
264 _aSantiago, República Dominicana :
_bEditorial El Diario,
_c[194-?].
300 _a166 páginas ;
_c20 cm.
336 _atexto
_btxt
_2rdacontent
337 _asin mediación
_bn
_2rdamedia
338 _avolumen
_bnc
_2rdacarrier
500 _aIncluye índice alfabético.
500 _aEdición auspiciada por el Ayuntamiento de Monte Plata, Provincia de Monseñor de Meriño, República Dominicana.
590 _aInventariado, 2025 /LP
650 4 _aCiudades y pueblos
_zRepública Dominicana
_9784
651 4 _aMonte Plata (República Dominicana{Rpara}
_xHistoria Local
_933193
651 4 _aMonte Plata (República Dominicana{Rpara}
_xVida Social Y Costumbres
_933194
910 _aValidado. Control de calidad BNPHU
942 _2ddc
_cLBS1
999 _c27343
_d27343